<?xml version="1.0" encoding="UTF-8"?>
<record
    xmlns:xsi="http://www.w3.org/2001/XMLSchema-instance"
    xsi:schemaLocation="http://www.loc.gov/MARC21/slim http://www.loc.gov/standards/marcxml/schema/MARC21slim.xsd"
    xmlns="http://www.loc.gov/MARC21/slim">

  <leader>01517nam a2200289   4500</leader>
  <controlfield tag="001">113451</controlfield>
  <controlfield tag="003">DR-UNIBE</controlfield>
  <controlfield tag="005">20250415091512.0</controlfield>
  <controlfield tag="008">250414b2000    nq ||||| |||| 00| 0 spa d</controlfield>
  <datafield tag="020" ind1=" " ind2=" ">
    <subfield code="a">9992400323</subfield>
  </datafield>
  <datafield tag="040" ind1=" " ind2=" ">
    <subfield code="a">BIBLIOTECA UNIBE</subfield>
    <subfield code="b">spa</subfield>
    <subfield code="c">BIBLIOTECA UNIBE</subfield>
    <subfield code="e">rda</subfield>
  </datafield>
  <datafield tag="041" ind1=" " ind2=" ">
    <subfield code="a">spa</subfield>
  </datafield>
  <datafield tag="082" ind1=" " ind2=" ">
    <subfield code="2">22</subfield>
    <subfield code="a">347.01 C448c</subfield>
  </datafield>
  <datafield tag="100" ind1="1" ind2="0">
    <subfield code="a"> Chamorro Mora, Rafael</subfield>
    <subfield code="9">194246</subfield>
    <subfield code="e">autor</subfield>
    <subfield code="e">dise&#xF1;ador de portada</subfield>
  </datafield>
  <datafield tag="245" ind1="1" ind2="3">
    <subfield code="a">La Corte de Justicia de la Comunidad Centroamericana / </subfield>
    <subfield code="c">Rafael Chamorro Mora; pr&#xF3;logo: Orlando Tejeros Somarriba; diagramaci&#xF3;n y dise&#xF1;o de portada; Irina O. Svorzova; foto portada: Rodrigo Gonz&#xE1;lez Chamorro</subfield>
  </datafield>
  <datafield tag="250" ind1=" " ind2=" ">
    <subfield code="a">Primera edici&#xF3;n</subfield>
  </datafield>
  <datafield tag="260" ind1=" " ind2=" ">
    <subfield code="a">Managua :</subfield>
    <subfield code="b">Rafael Chamorro Mora,</subfield>
    <subfield code="c">2000</subfield>
  </datafield>
  <datafield tag="300" ind1=" " ind2=" ">
    <subfield code="a">200 p&#xE1;ginas :</subfield>
    <subfield code="c">20 x 13 cm</subfield>
  </datafield>
  <datafield tag="500" ind1=" " ind2=" ">
    <subfield code="a">Informaci&#xF3;n del autor en las solapas, palabras de Rub&#xE9;n Dar&#xED;o en la contraportada</subfield>
  </datafield>
  <datafield tag="505" ind1=" " ind2=" ">
    <subfield code="a">Pr&#xF3;logo |
Cap&#xED;tulo I. Introducci&#xF3;n |
Cap&#xED;tulo II. Antecedentes |
Cap&#xED;tulo III. Base jur&#xED;dica |
Cap&#xED;tulo IV. Atribuciones y organizaci&#xF3;n |
Cap&#xED;tulo V. Competencias de la Corte |
Cap&#xED;tulo VI. Otras competencias |
Cap&#xED;tulo VII. Conclusiones |
Ap&#xE9;ndice |
&#xCD;ndice</subfield>
  </datafield>
  <datafield tag="650" ind1=" " ind2="7">
    <subfield code="2">lemb</subfield>
    <subfield code="a">Tribunales internacionales</subfield>
  </datafield>
  <datafield tag="650" ind1=" " ind2="7">
    <subfield code="a">Corte de Justicia Centroamericana</subfield>
    <subfield code="x">Organizaci&#xF3;n</subfield>
    <subfield code="9">194252</subfield>
  </datafield>
  <datafield tag="700" ind1="1" ind2="0">
    <subfield code="a">Tejeros Somarriba, Orlando</subfield>
    <subfield code="9">194248</subfield>
    <subfield code="e">prologuista</subfield>
  </datafield>
  <datafield tag="700" ind1="1" ind2="0">
    <subfield code="a">Svorzova, Irina A.</subfield>
    <subfield code="9">194249</subfield>
    <subfield code="e">dise&#xF1;ador de portada</subfield>
    <subfield code="e">diagramador</subfield>
  </datafield>
  <datafield tag="700" ind1="1" ind2="0">
    <subfield code="a">Gonz&#xE1;lez Chamorro, Rodrigo</subfield>
    <subfield code="9">194250</subfield>
    <subfield code="e">fot&#xF3;grafo de portada</subfield>
  </datafield>
  <datafield tag="942" ind1=" " ind2=" ">
    <subfield code="2">ddc</subfield>
    <subfield code="c">BK</subfield>
  </datafield>
  <datafield tag="999" ind1=" " ind2=" ">
    <subfield code="c">113451</subfield>
    <subfield code="d">113451</subfield>
  </datafield>
  <datafield tag="952" ind1=" " ind2=" ">
    <subfield code="0">0</subfield>
    <subfield code="1">0</subfield>
    <subfield code="2">ddc</subfield>
    <subfield code="7">0</subfield>
    <subfield code="8">GEN</subfield>
    <subfield code="a">Principal</subfield>
    <subfield code="d">2025-03-05</subfield>
    <subfield code="l">0</subfield>
    <subfield code="o">347.01 C448c</subfield>
    <subfield code="p">250367</subfield>
    <subfield code="r">2025-04-14 16:26:55</subfield>
    <subfield code="t">Ej. 1</subfield>
    <subfield code="w">2025-04-14</subfield>
    <subfield code="y">BK</subfield>
  </datafield>
</record>
